[Event "First Saturday FM-B Oct 2013"]
[Site "Budapest"]
[Date "2013.10.05"]
[Round "1.1"]
[White "Nemeth, Otto"]
[Black "Somogyi, Gabor"]
[Result "1/2-1/2"]
[WhiteElo "1684"]
[BlackElo "1978"]
[PlyCount "82"]
[EventDate "2013.10.05"]

1. e4 c6 2. Nf3 d5 3. exd5 cxd5 4. Bb5+ Nc6 5. Ne5 Bd7 6. Nxd7 Qxd7 7. O-O a6
8. Bxc6 bxc6 9. d4 Nf6 10. f3 e6 11. Bf4 c5 12. Be3 Qb5 13. b3 Be7 14. Nc3 Qc6
15. Na4 cxd4 16. Bxd4 O-O 17. c3 Nd7 18. Re1 Rfe8 19. Qd3 Nc5 20. Bxc5 Bxc5+
21. Kh1 Be7 22. Rac1 Red8 23. Qe3 Qb5 24. g3 Ba3 25. Rcd1 Be7 26. Rd3 Bf6 27.
f4 Qc6 28. Kg1 g6 29. Kf2 Qb5 30. Red1 Qc6 31. h4 h5 32. R1d2 Qb5 33. Qf3 Kg7
34. Kg2 Qc6 35. Kh3 Qb5 36. Qe3 Qc6 37. Rd1 Qb5 38. Qd2 Qc6 39. Rc1 Qb5 40. Rd1
Qc6 41. Qe3 Rac8 {illegible writing...draw in 112 moves} 1/2-1/2

[Event "First Saturday FM-B Oct 2013"]
[Site "Budapest"]
[Date "2013.10.05"]
[Round "1.2"]
[White "Bacsi, Andras"]
[Black "Takacs, Zsolt Otto"]
[Result "0-1"]
[WhiteElo "1845"]
[BlackElo "1800"]
[PlyCount "66"]
[EventDate "2013.10.05"]

1. e4 c5 2. Nf3 d6 3. d4 cxd4 4. Nxd4 Nf6 5. Nc3 a6 6. Bd3 e5 7. Nb3 h6 8. O-O
Be6 9. Be3 b5 10. h3 Nbd7 11. Qe2 Be7 12. Rad1 O-O 13. f4 Qc7 14. f5 Bc4 15.
Qf2 b4 16. Bxc4 Qxc4 17. Nd5 Nxd5 18. exd5 Nf6 19. Qd2 Rfc8 20. Na5 Qb5 21. Nc6
Bf8 22. Na7 Qa4 23. Nxc8 Rxc8 24. c3 bxc3 25. bxc3 Ne4 26. Qe1 Rxc3 27. Bc1 Rc2
28. a3 Qc4 29. Qe3 Nc3 30. Rde1 Be7 31. Qa7 Bh4 32. Re3 Ne2+ 33. Kh2 Nf4 0-1

[Event "First Saturday FM-B Oct 2013"]
[Site "Budapest"]
[Date "2013.10.05"]
[Round "1.3"]
[White "Czipp, Janos"]
[Black "Bella, Zsolt"]
[Result "0-1"]
[WhiteElo "1418"]
[BlackElo "1396"]
[PlyCount "78"]
[EventDate "2013.10.05"]

1. d4 g6 2. c4 Nf6 3. Nc3 Bg7 4. e4 d6 5. Be2 O-O 6. Nf3 Nfd7 7. O-O Nc6 8. Be3
e5 9. d5 Ne7 10. Qd2 f5 11. Bh6 f4 12. Bxg7 Kxg7 13. Ng5 Nf6 14. Ne6+ Bxe6 15.
dxe6 Nc6 16. Rfd1 Nd4 17. f3 Nxe6 18. b4 b6 19. Nd5 Nd4 20. Bf1 Nxd5 21. cxd5
Qg5 22. Qf2 h5 23. Rac1 Rf7 24. Rd3 a6 25. Rdc3 Ra7 26. Bd3 b5 27. Rf1 a5 28.
bxa5 Rxa5 29. Qd2 Qd8 30. Qb2 Qa8 31. Rf2 Qa7 32. Kh1 Qb6 33. Qb1 c5 34. dxc6
Nxc6 35. Bc4 Qxf2 36. Bxf7 Nd4 37. Rc7 Kh6 38. Qd1 Ra3 39. Bb3 Nxb3 0-1

[Event "First Saturday FM-B Oct 2013"]
[Site "Budapest"]
[Date "2013.10.05"]
[Round "1.4"]
[White "Marcu, Simon"]
[Black "Mayer, Istvan"]
[Result "0-1"]
[WhiteElo "1904"]
[BlackElo "2068"]
[PlyCount "64"]
[EventDate "2013.10.05"]

1. d4 Nf6 2. c4 g6 3. Nc3 Bg7 4. e4 d6 5. f3 Nbd7 6. Be3 c5 7. d5 h5 8. Nh3 a6
9. Be2 Ne5 10. Ng5 Nh7 11. O-O Bh6 12. Qd2 Nxg5 13. Bxg5 Bxg5 14. Qxg5 h4 15.
h3 Bd7 16. Qe3 f6 17. f4 Nf7 18. a3 a5 19. Rfb1 g5 20. f5 Qb6 21. b4 axb4 22.
Rxb4 Qxb4 23. axb4 Rxa1+ 24. Kh2 cxb4 25. Nb5 Ne5 26. c5 Bxb5 27. Bxb5+ Kf7 28.
cxd6 g4 29. g3 hxg3+ 30. Kg2 Ra2+ 31. Be2 gxh3+ 32. Kxg3 Ra3 0-1

[Event "First Saturday FM-B Oct 2013"]
[Site "Budapest"]
[Date "2013.10.05"]
[Round "1.5"]
[White "Steer, Jozsef"]
[Black "Gruz, Janos"]
[Result "1/2-1/2"]
[WhiteElo "1894"]
[BlackElo "1806"]
[PlyCount "21"]
[EventDate "2013.10.05"]

1. e4 c5 2. Nf3 Nc6 3. d4 cxd4 4. Nxd4 Nf6 5. Nc3 a6 6. Bc4 d6 7. O-O e6 8. Bg5
Be7 9. Re1 O-O 10. Bxf6 Bxf6 11. Nb3 1/2-1/2

[Event "First Saturday FM-B Oct 2013"]
[Site "Budapest"]
[Date "2013.10.05"]
[Round "1.6"]
[White "Szlenka, Attila"]
[Black "Lukacs, Albert"]
[Result "1/2-1/2"]
[WhiteElo "1812"]
[BlackElo "1921"]
[PlyCount "28"]
[EventDate "2013.10.05"]

1. e4 e6 2. d4 d5 3. e5 c5 4. c3 Nc6 5. Nf3 Qb6 6. a3 Bd7 7. Be2 Nge7 8. O-O
Ng6 9. b4 cxd4 10. cxd4 Be7 11. Be3 O-O 12. Nc3 Rac8 13. Na4 Qd8 14. Nc5 b6
1/2-1/2

[Event "First Saturday FM-B Oct 2013"]
[Site "Budapest"]
[Date "2013.10.06"]
[Round "2.1"]
[White "Somogyi, Gabor"]
[Black "Lukacs, Albert"]
[Result "0-1"]
[WhiteElo "1978"]
[BlackElo "1921"]
[PlyCount "56"]
[EventDate "2013.10.05"]

1. c4 e5 2. Nc3 Nf6 3. g3 Be7 4. Bg2 d6 5. Nf3 Nbd7 6. d4 exd4 7. Nxd4 Ne5 8.
b3 c6 9. O-O Qb6 10. Bg5 Ng6 11. e3 Bg4 12. Qd2 Rd8 13. e4 O-O 14. Be3 Qa5 15.
h3 Bc8 16. Rfd1 Rfe8 17. Rac1 Bf8 18. Nd5 Qxd2 19. Nxf6+ gxf6 20. Rxd2 Ne7 21.
Rcd1 a6 22. Ne2 f5 23. e5 d5 24. Bb6 Rd7 25. f4 Ng6 26. cxd5 cxd5 27. Bxd5 Bb4
28. Rc2 Ne7 0-1

[Event "First Saturday FM-B Oct 2013"]
[Site "Budapest"]
[Date "2013.10.06"]
[Round "2.2"]
[White "Gruz, Janos"]
[Black "Szlenka, Attila"]
[Result "1/2-1/2"]
[WhiteElo "1806"]
[BlackElo "1812"]
[PlyCount "45"]
[EventDate "2013.10.05"]

1. d4 d5 2. Nf3 Nf6 3. Bf4 Bf5 4. c3 c6 5. Qb3 Qb6 6. e3 Qxb3 7. axb3 Nbd7 8.
Be2 e6 9. O-O Be7 10. h3 O-O 11. Na3 h6 12. c4 a6 13. c5 Ne4 14. Rfd1 Ndf6 15.
b4 a5 16. bxa5 Rxa5 17. b4 Ra7 18. b5 Rfa8 19. Nc2 Rxa1 20. Rxa1 Rxa1+ 21. Nxa1
cxb5 22. Bxb5 Nc3 23. Bf1 1/2-1/2

[Event "First Saturday FM-B Oct 2013"]
[Site "Budapest"]
[Date "2013.10.06"]
[Round "2.3"]
[White "Mayer, Istvan"]
[Black "Steer, Jozsef"]
[Result "1/2-1/2"]
[WhiteElo "2068"]
[BlackElo "1894"]
[PlyCount "29"]
[EventDate "2013.10.05"]

1. e4 c6 2. d4 d5 3. Nc3 dxe4 4. Nxe4 Bf5 5. Ng3 Bg6 6. h4 h6 7. h5 Bh7 8. Nf3
Qc7 9. Bd3 Bxd3 10. Qxd3 e6 11. Bd2 Nf6 12. O-O-O Nbd7 13. Rhe1 Bd6 14. Kb1
O-O-O 15. c3 1/2-1/2

[Event "First Saturday FM-B Oct 2013"]
[Site "Budapest"]
[Date "2013.10.06"]
[Round "2.4"]
[White "Bella, Zsolt"]
[Black "Marcu, Simon"]
[Result "0-1"]
[WhiteElo "1396"]
[BlackElo "1904"]
[PlyCount "48"]
[EventDate "2013.10.05"]

1. d4 d5 2. Nc3 e6 3. e4 Bb4 4. Qd3 c5 5. Bd2 dxe4 6. Nxe4 Bxd2+ 7. Nxd2 cxd4
8. Ngf3 Nc6 9. Nb3 e5 10. Qb5 a6 11. Qa4 Qc7 12. Bd3 Nge7 13. O-O O-O 14. Rac1
Bf5 15. Bxf5 Nxf5 16. Rfe1 Rfe8 17. c3 b5 18. Qa3 d3 19. Qc5 g6 20. Rcd1 Rad8
21. Rd2 Qc8 22. Nxe5 Nxe5 23. Rxe5 Qxc5 24. Nxc5 Rxe5 0-1

[Event "First Saturday FM-B Oct 2013"]
[Site "Budapest"]
[Date "2013.10.06"]
[Round "2.5"]
[White "Takacs, Zsolt Otto"]
[Black "Czipp, Janos"]
[Result "1/2-1/2"]
[WhiteElo "1800"]
[BlackElo "1418"]
[PlyCount "78"]
[EventDate "2013.10.05"]

1. e4 g6 2. d4 Bg7 3. h4 d6 4. h5 Nf6 5. h6 Bf8 6. Nc3 c6 7. Be2 Be6 8. g4 Qa5
9. Bd2 g5 10. d5 Bd7 11. dxc6 Bxc6 12. Nd5 Qd8 13. Nxf6+ exf6 14. Rh3 Nd7 15.
Bc4 Nb6 16. Bb3 Be7 17. Qe2 Bd7 18. O-O-O Rc8 19. Bb4 Rc6 20. Rhd3 Be6 21. Bd5
Bxd5 22. exd5 Rc7 23. Ba5 O-O 24. Re1 Re8 25. Bxb6 axb6 26. Re3 Kf8 27. Qd3 Kg8
28. Nh3 Qd7 29. f4 Rcc8 30. fxg5 fxg5 31. Qd4 Bf8 32. Qf6 Rxe3 33. Qxg5+ Kh8
34. Qf6+ Kg8 35. Qg5+ Kh8 36. Rxe3 Re8 37. Qf6+ Kg8 38. Qg5+ Kh8 39. Qf6+ Kg8
1/2-1/2

[Event "First Saturday FM-B Oct 2013"]
[Site "Budapest"]
[Date "2013.10.06"]
[Round "2.6"]
[White "Nemeth, Otto"]
[Black "Bacsi, Andras"]
[Result "0-1"]
[WhiteElo "1684"]
[BlackElo "1845"]
[PlyCount "112"]
[EventDate "2013.10.05"]

1. e4 c5 2. Bc4 e6 3. Nc3 a6 4. a4 Nc6 5. Nf3 Qc7 6. d3 Nf6 7. O-O Be7 8. h3
O-O 9. Be3 d6 10. Qd2 b6 11. Bf4 Bb7 12. Rfe1 Ne5 13. Bxe5 dxe5 14. g4 Nd7 15.
g5 Bd6 16. h4 Rae8 17. Qe3 Kh8 18. Kh1 f5 19. gxf6 Nxf6 20. Rg1 Nh5 21. Rg4 Nf4
22. Rag1 Re7 23. R1g3 Bc8 24. Ng5 h6 25. Nf3 Ref7 26. Nd1 Qd8 27. Kh2 Be7 28.
Ng1 h5 29. Rg5 Bxg5 30. Rxg5 Qf6 31. Qg3 g6 32. f3 Kh7 33. Ne3 Bd7 34. Bb3 b5
35. axb5 axb5 36. Ng2 Rg7 37. Nxf4 exf4 38. Qf2 Qd4 39. Qxd4 cxd4 40. Nh3 Re7
41. Re5 Kg7 42. Ng5 Kf6 43. Rc5 Rc8 44. Rxc8 Bxc8 45. Kg2 Ra7 46. Nh3 e5 47.
Ng5 Ra1 48. Bd5 Rb1 49. Bb3 Rxb2 50. Nh7+ Ke7 51. Ng5 Rb1 52. Kh2 b4 53. Kg2
Ra1 54. Kh2 Bd7 55. Nf7 Kf6 56. Nd6 Ba4 0-1

[Event "First Saturday FM-B Oct 2013"]
[Site "Budapest"]
[Date "2013.10.07"]
[Round "3.1"]
[White "Bacsi, Andras"]
[Black "Somogyi, Gabor"]
[Result "1/2-1/2"]
[WhiteElo "1845"]
[BlackElo "1978"]
[PlyCount "36"]
[EventDate "2013.10.05"]

1. e4 c5 2. Nf3 d6 3. d4 cxd4 4. Nxd4 Nf6 5. Nc3 a6 6. Be2 e6 7. a4 Nc6 8. O-O
Be7 9. Be3 O-O 10. Nb3 b6 11. f4 Bb7 12. Bf3 Nd7 13. Qe2 Qc7 14. Rad1 Nc5 15.
Nxc5 bxc5 16. Qf2 Rab8 17. b3 Qa5 18. Nb1 Nb4 1/2-1/2

[Event "First Saturday FM-B Oct 2013"]
[Site "Budapest"]
[Date "2013.10.07"]
[Round "3.2"]
[White "Czipp, Janos"]
[Black "Nemeth, Otto"]
[Result "0-1"]
[WhiteElo "1418"]
[BlackElo "1684"]
[PlyCount "66"]
[EventDate "2013.10.05"]

1. d4 Nf6 2. c4 e5 3. e3 exd4 4. exd4 Bb4+ 5. Bd2 Qe7+ 6. Qe2 O-O 7. Qxe7 Bxe7
8. Nc3 Bb4 9. O-O-O Bxc3 10. Bxc3 d5 11. f3 Be6 12. Bb4 Re8 13. c5 a6 14. Ne2
Nc6 15. Bc3 b5 16. cxb6 cxb6 17. Nf4 Bd7 18. Bd3 b5 19. a3 Rac8 20. Bc2 a5 21.
b4 Re3 22. Bd3 axb4 23. Kd2 Rxd3+ 24. Nxd3 bxc3+ 25. Kxc3 Ra8 26. Ra1 Ra4 27.
Rhb1 Rc4+ 28. Kd2 Nxd4 29. Nb4 g6 30. Ra2 Kg7 31. Nc2 Bf5 32. Rbb2 Bxc2 33.
Rxb5 Nxb5 0-1

[Event "First Saturday FM-B Oct 2013"]
[Site "Budapest"]
[Date "2013.10.07"]
[Round "3.3"]
[White "Marcu, Simon"]
[Black "Takacs, Zsolt Otto"]
[Result "0-1"]
[WhiteElo "1904"]
[BlackElo "1800"]
[PlyCount "86"]
[EventDate "2013.10.05"]

1. d4 Nf6 2. c4 g6 3. Nc3 d5 4. e3 Bg7 5. Nf3 O-O 6. b4 a5 7. b5 c6 8. a4 dxc4
9. Bxc4 Bg4 10. Ba3 Nd5 11. Nxd5 cxd5 12. Be2 Re8 13. Rc1 f6 14. h3 Be6 15. Nd2
Nd7 16. Nb3 b6 17. Rc6 Nf8 18. O-O Bd7 19. Rc1 Rc8 20. Bf3 e6 21. Qd3 f5 22.
Be2 Qf6 23. f4 g5 24. Bd6 gxf4 25. exf4 Qd8 26. Be5 Ng6 27. Rxc8 Bxc8 28. Bh5
Re7 29. Bxg6 hxg6 30. Rc1 Bxe5 31. dxe5 Rc7 32. Rc6 Bd7 33. Rxb6 Rc4 34. Rd6
Rxa4 35. Nc5 Ra1+ 36. Kh2 Qh4 37. Qd2 Ra3 38. Nd3 Bxb5 39. g3 Qh5 40. Qc2 Bc4
41. Nc1 Qf3 42. Qg2 Qe3 43. Rxe6 Qxc1 0-1

[Event "First Saturday FM-B Oct 2013"]
[Site "Budapest"]
[Date "2013.10.07"]
[Round "3.5"]
[White "Szlenka, Attila"]
[Black "Mayer, Istvan"]
[Result "0-1"]
[WhiteElo "1812"]
[BlackElo "2068"]
[PlyCount "52"]
[EventDate "2013.10.05"]

1. g3 e5 2. Bg2 d5 3. d3 Nf6 4. c4 c6 5. cxd5 cxd5 6. Nf3 Nc6 7. O-O h6 8. a3
Be6 9. b4 e4 10. Ne1 Qb6 11. Nc3 e3 12. fxe3 a5 13. Qa4 Be7 14. Nc2 O-O 15. b5
Ne5 16. Kh1 Neg4 17. h3 Qc7 18. Nxd5 Bxd5 19. hxg4 Qxg3 20. Rf3 Qh4+ 21. Kg1
Nxg4 22. e4 Be6 23. Bd2 f5 24. Nd4 Bc5 25. Bf4 fxe4 26. dxe4 Rxf4 0-1

[Event "First Saturday FM-B Oct 2013"]
[Site "Budapest"]
[Date "2013.10.07"]
[Round "3.6"]
[White "Lukacs, Albert"]
[Black "Gruz, Janos"]
[Result "1/2-1/2"]
[WhiteElo "1921"]
[BlackElo "1806"]
[PlyCount "98"]
[EventDate "2013.10.05"]

1. e4 c5 2. Nf3 d6 3. d4 cxd4 4. Nxd4 Nf6 5. Nc3 a6 6. Be3 e5 7. Nf3 Be7 8. h3
O-O 9. Be2 b5 10. Nd5 Bb7 11. Nxf6+ Bxf6 12. Bd3 Nd7 13. O-O Be7 14. c4 bxc4
15. Bxc4 Nb6 16. Bxb6 Qxb6 17. Qe2 Rac8 18. Rac1 Rc7 19. Bb3 Rxc1 20. Rxc1 Rc8
21. Rxc8+ Bxc8 22. Qc2 Bd7 23. Bd5 g6 24. Qb3 Qxb3 25. Bxb3 Kf8 26. Nd2 Bc6 27.
Bd5 Bxd5 28. exd5 f5 29. Nc4 Ke8 30. a4 Kd7 31. Kf1 Kc7 32. b3 h5 33. Ke2 Kb7
34. f3 f4 35. Kd3 Ka7 36. Ke4 Kb7 37. b4 Kc7 38. Nxe5 dxe5 39. Kxe5 Bxb4 40.
Kxf4 Be7 41. Ke5 Kd7 42. g4 hxg4 43. hxg4 a5 44. f4 Bd8 45. d6 Bh4 46. Kd5 Bg3
47. Ke5 Bh4 48. Kd5 Bg3 49. Ke5 Bh4 1/2-1/2

[Event "First Saturday FM-B Oct 2013"]
[Site "Budapest"]
[Date "2013.10.08"]
[Round "4.1"]
[White "Somogyi, Gabor"]
[Black "Gruz, Janos"]
[Result "1-0"]
[WhiteElo "1978"]
[BlackElo "1806"]
[PlyCount "35"]
[EventDate "2013.10.05"]

1. e4 c5 2. Nf3 d6 3. d4 cxd4 4. Nxd4 Nf6 5. Nc3 a6 6. Be3 e5 7. Nb3 Be6 8. f3
Nbd7 9. Qd2 Be7 10. g4 h6 11. O-O-O Qc7 12. h4 Nh7 13. g5 hxg5 14. hxg5 O-O-O
15. Bh3 Nb6 16. Bxb6 Qxb6 17. Nd5 Qxb3 18. Nxe7+ 1-0

[Event "First Saturday FM-B Oct 2013"]
[Site "Budapest"]
[Date "2013.10.08"]
[Round "4.2"]
[White "Mayer, Istvan"]
[Black "Lukacs, Albert"]
[Result "0-1"]
[WhiteElo "2068"]
[BlackElo "1921"]
[PlyCount "70"]
[EventDate "2013.10.05"]

1. e4 c5 2. Nc3 e6 3. g3 Nc6 4. Bg2 Nge7 5. Nge2 Nd4 6. O-O Nec6 7. d3 Qb6 8.
a4 Be7 9. Bd2 Bf6 10. a5 Qd8 11. Na4 Nxe2+ 12. Qxe2 Nd4 13. Qd1 d6 14. b4 Nc6
15. b5 Nd4 16. a6 e5 17. Nc3 b6 18. f4 h5 19. h3 Bd7 20. Rb1 Rc8 21. Kh2 c4 22.
Rb4 cxd3 23. cxd3 h4 24. gxh4 exf4 25. Nd5 f3 26. Rxd4 Be5+ 27. Bf4 fxg2 28.
Kxg2 Bxh3+ 29. Kxh3 Qxh4+ 30. Kg2 Qh3+ 31. Kf2 Bxd4+ 32. Ke1 Qg2 33. Qf3 Rh2
34. Qxg2 Rxg2 35. Rh1 Kd7 0-1

[Event "First Saturday FM-B Oct 2013"]
[Site "Budapest"]
[Date "2013.10.08"]
[Round "4.3"]
[White "Bella, Zsolt"]
[Black "Szlenka, Attila"]
[Result "0-1"]
[WhiteElo "1396"]
[BlackElo "1812"]
[PlyCount "98"]
[EventDate "2013.10.05"]

1. c4 g6 2. d4 Bg7 3. Nc3 d6 4. g3 Nd7 5. Bg2 c6 6. Nf3 Qc7 7. Qc2 e5 8. Be3
Nb6 9. b3 Bf5 10. Qd2 Nf6 11. Ng5 h6 12. Nge4 Ng4 13. O-O Nxe3 14. fxe3 Bxe4
15. Nxe4 f5 16. Nc3 O-O 17. Rad1 Rad8 18. d5 e4 19. g4 Qe7 20. gxf5 gxf5 21.
Bh3 Qg5+ 22. Kh1 Qh5 23. Bg2 Be5 24. h3 Qh4 25. Rg1 Kh8 26. Rdf1 Qg3 27. Rf4
Bxf4 28. exf4 Rg8 29. e3 c5 30. Ne2 Qh4 31. Qc3+ Kh7 32. Kh2 Rdf8 33. Qe1 Qxe1
34. Rxe1 h5 35. Nc3 h4 36. Re2 Nc8 37. Nb5 Rf7 38. Bf1 Rg3 39. Nc3 Rfg7 40. a4
a6 41. Bg2 Ne7 42. Na2 Rg8 43. Kg1 Rxh3 44. Kf1 Rhg3 45. Nc3 h3 46. Bxh3 Rxh3
47. Rg2 Rh1+ 48. Kf2 Rxg2+ 49. Kxg2 Rc1 0-1

[Event "First Saturday FM-B Oct 2013"]
[Site "Budapest"]
[Date "2013.10.08"]
[Round "4.4"]
[White "Takacs, Zsolt Otto"]
[Black "Steer, Jozsef"]
[Result "1/2-1/2"]
[WhiteElo "1800"]
[BlackElo "1894"]
[PlyCount "28"]
[EventDate "2013.10.05"]

1. e4 c6 2. d4 d5 3. e5 Bf5 4. Ne2 e6 5. Ng3 Bg6 6. h4 h6 7. h5 Bh7 8. Bd3 Bxd3
9. Qxd3 Qb6 10. Nc3 Bb4 11. O-O Bxc3 12. bxc3 c5 13. Ba3 Nd7 14. Rab1 Qc6
1/2-1/2

[Event "First Saturday FM-B Oct 2013"]
[Site "Budapest"]
[Date "2013.10.08"]
[Round "4.5"]
[White "Nemeth, Otto"]
[Black "Marcu, Simon"]
[Result "0-1"]
[WhiteElo "1684"]
[BlackElo "1904"]
[PlyCount "70"]
[EventDate "2013.10.05"]

1. e4 c6 2. d4 d5 3. e5 e6 4. Nf3 c5 5. c3 Nc6 6. Bb5 Bd7 7. O-O h6 8. a4 a6 9.
Be2 c4 10. Be3 Nge7 11. g4 Ng6 12. h3 Be7 13. Kg2 Bg5 14. Qd2 Be7 15. Qc2 b5
16. axb5 axb5 17. Rxa8 Qxa8 18. b4 O-O 19. Qb2 Qb7 20. Na3 f6 21. Ra1 fxe5 22.
dxe5 Ncxe5 23. Nxe5 Nxe5 24. Bd4 Ng6 25. Nc2 e5 26. Ra7 Qc6 27. Qa3 exd4 28.
Nxd4 Qf6 29. f3 Nf4+ 30. Kf1 Bc8 31. Qb2 Qh4 32. Qd2 Qxh3+ 33. Ke1 Ng2+ 34. Kd1
Bg5 35. Qa2 Qh1+ 0-1

[Event "First Saturday FM-B Oct 2013"]
[Site "Budapest"]
[Date "2013.10.08"]
[Round "4.6"]
[White "Bacsi, Andras"]
[Black "Czipp, Janos"]
[Result "1-0"]
[WhiteElo "1845"]
[BlackElo "1418"]
[PlyCount "97"]
[EventDate "2013.10.05"]

1. e4 e5 2. Nf3 Nc6 3. Bb5 Nf6 4. O-O Be7 5. Re1 O-O 6. c3 a6 7. Bxc6 dxc6 8.
Nxe5 Bd6 9. Nf3 Be7 10. d4 Bg4 11. h3 Bxf3 12. Qxf3 Nd7 13. Bf4 Nb6 14. Nd2 Re8
15. Nb3 Nc4 16. Qe2 b5 17. Rad1 Bg5 18. Bxg5 Qxg5 19. Nc5 Nd6 20. Qg4 Qxg4 21.
hxg4 f6 22. f4 Nf7 23. Kf2 a5 24. d5 cxd5 25. Rxd5 b4 26. Rd7 bxc3 27. bxc3
Rac8 28. Red1 Nd6 29. Kf3 Kf8 30. Rd4 Re7 31. Rxe7 Kxe7 32. e5 fxe5 33. fxe5
Rf8+ 34. Ke2 Nb5 35. Rd7+ Ke8 36. Kd3 Rf7 37. e6 Re7 38. c4 Nd6 39. Rxe7+ Kxe7
40. Kd4 g6 41. a4 c6 42. Nb3 Nb7 43. Ke5 c5 44. g5 Nd6 45. Nxa5 Nc8 46. Nc6+
Ke8 47. a5 Kf8 48. e7+ Ke8 49. Ke6 1-0

[Event "First Saturday FM-B Oct 2013"]
[Site "Budapest"]
[Date "2013.10.09"]
[Round "5.1"]
[White "Czipp, Janos"]
[Black "Somogyi, Gabor"]
[Result "0-1"]
[WhiteElo "1418"]
[BlackElo "1978"]
[PlyCount "62"]
[EventDate "2013.10.05"]

1. d4 Nf6 2. Nf3 d5 3. Nbd2 Bf5 4. e3 c6 5. Bd3 Bg4 6. O-O Nbd7 7. Be2 e6 8. c3
Bd6 9. Qc2 O-O 10. Re1 c5 11. b3 Rc8 12. c4 a6 13. Bb2 cxd4 14. exd4 b6 15. Bd3
h6 16. h3 Bxf3 17. Nxf3 a5 18. a4 dxc4 19. bxc4 Nd5 20. Ba3 Nb4 21. Bh7+ Kh8
22. Qe4 Nf6 23. Qe2 Kxh7 24. Bc1 Qc7 25. Bd2 Qxc4 26. Qd1 Qc2 27. Qe2 Qd3 28.
Qd1 Nc2 29. Qb1 Nxe1 30. Qxe1 Ne4 31. Be3 Bb4 0-1

[Event "First Saturday FM-B Oct 2013"]
[Site "Budapest"]
[Date "2013.10.09"]
[Round "5.2"]
[White "Marcu, Simon"]
[Black "Bacsi, Andras"]
[Result "1-0"]
[WhiteElo "1904"]
[BlackElo "1845"]
[PlyCount "80"]
[EventDate "2013.10.05"]

1. d4 Nf6 2. c4 e6 3. a3 c5 4. e3 d5 5. b3 a6 6. Nf3 b6 7. Be2 Be7 8. O-O O-O
9. Bb2 Bb7 10. Nc3 Nbd7 11. Rc1 dxc4 12. bxc4 Ne4 13. Na4 Bc6 14. Qc2 Qb8 15.
Rfd1 Qb7 16. Bd3 Nef6 17. Ne1 Rac8 18. dxc5 Nxc5 19. Nxc5 bxc5 20. Bxf6 Bxf6
21. Bxh7+ Kh8 22. Rb1 Qc7 23. Be4 Rfd8 24. Nf3 Rxd1+ 25. Rxd1 Bxe4 26. Qxe4 Rd8
27. Rxd8+ Qxd8 28. g3 Qd6 29. h4 g6 30. Qf4 Qxf4 31. exf4 Bb2 32. a4 Kg7 33.
Ne5 a5 34. Kg2 f5 35. Nd3 Ba3 36. f3 Kf6 37. g4 Bb4 38. Kf2 Ke7 39. Ke3 Ba3 40.
Ke2 Bb4 1-0

[Event "First Saturday FM-B Oct 2013"]
[Site "Budapest"]
[Date "2013.10.09"]
[Round "5.3"]
[White "Steer, Jozsef"]
[Black "Nemeth, Otto"]
[Result "1/2-1/2"]
[WhiteElo "1894"]
[BlackElo "1684"]
[PlyCount "106"]
[EventDate "2013.10.05"]

1. e4 e5 2. Bc4 Qf6 3. Nf3 h6 4. Nc3 c6 5. d3 Bb4 6. Bd2 a5 7. a3 Bd6 8. Qe2
Ne7 9. d4 Ng6 10. dxe5 Nxe5 11. Nxe5 Bxe5 12. f4 Bc7 13. O-O O-O 14. e5 Bb6+
15. Be3 Bxe3+ 16. Qxe3 Qe7 17. Rae1 d5 18. exd6 Qxd6 19. f5 Nd7 20. Ne4 Qc7 21.
f6 Qb6 22. fxg7 Kxg7 23. Rf3 Qxe3+ 24. Rexe3 Ne5 25. Rg3+ Kh8 26. Ba2 Be6 27.
Bxe6 fxe6 28. Nc5 Rad8 29. Nd3 Nxd3 30. cxd3 Rf6 31. Rg4 Kh7 32. Rge4 Rd6 33.
Rg4 c5 34. Reg3 Rd7 35. h3 b6 36. b4 axb4 37. axb4 cxb4 38. Rxb4 Rd6 39. Ra4
Rd7 40. Ra6 e5 41. Re3 Re6 42. Ra4 Rdd6 43. Rg3 Rd5 44. Kf2 b5 45. Ke2 Re7 46.
Ra2 Rc5 47. Kd2 Rf7 48. Rf3 Rd7 49. Rc2 Rcd5 50. Re3 h5 51. Rc6 e4 52. Rxe4
Rxd3+ 53. Ke2 R3d5 1/2-1/2

[Event "First Saturday FM-B Oct 2013"]
[Site "Budapest"]
[Date "2013.10.09"]
[Round "5.4"]
[White "Szlenka, Attila"]
[Black "Takacs, Zsolt Otto"]
[Result "0-1"]
[WhiteElo "1812"]
[BlackElo "1800"]
[PlyCount "46"]
[EventDate "2013.10.05"]

1. g3 b5 2. Bg2 Nc6 3. e4 e5 4. Ne2 Bc5 5. O-O Nf6 6. c3 d6 7. d4 Bb6 8. h3 O-O
9. Na3 a6 10. Kh2 Rb8 11. Nc2 Re8 12. d5 Ne7 13. Bg5 Ng6 14. Nb4 Ng4+ 15. hxg4
Qxg5 16. f3 h5 17. f4 exf4 18. Nd4 fxg3+ 19. Kg1 Bxg4 20. Qc1 Qh4 21. Re1 Qh2+
22. Kf1 Nh4 23. Qd2 Nxg2 0-1

[Event "First Saturday FM-B Oct 2013"]
[Site "Budapest"]
[Date "2013.10.09"]
[Round "5.5"]
[White "Lukacs, Albert"]
[Black "Bella, Zsolt"]
[Result "1-0"]
[WhiteElo "1921"]
[BlackElo "1396"]
[PlyCount "46"]
[EventDate "2013.10.05"]

1. e4 g6 2. d4 Bg7 3. Nf3 d6 4. Bc4 Nf6 5. Nc3 O-O 6. O-O Nc6 7. d5 Na5 8. Be2
h6 9. b4 Nxe4 10. Nxe4 Bxa1 11. Bxh6 Bg7 12. Bxg7 Kxg7 13. bxa5 f6 14. Qd4 e5
15. dxe6 Bxe6 16. Neg5 Bg8 17. Bd3 Re8 18. Nh4 Re5 19. Ngf3 Rd5 20. Qg4 Bf7 21.
Nxg6 Bxg6 22. Qxg6+ Kf8 23. Bc4 Rg5 1-0

[Event "First Saturday FM-B Oct 2013"]
[Site "Budapest"]
[Date "2013.10.09"]
[Round "5.6"]
[White "Gruz, Janos"]
[Black "Mayer, Istvan"]
[Result "1/2-1/2"]
[WhiteElo "1806"]
[BlackElo "2068"]
[PlyCount "36"]
[EventDate "2013.10.05"]

1. d4 d5 2. Nf3 c5 3. c3 Nf6 4. Bf4 Qb6 5. Qb3 Qxb3 6. axb3 Nc6 7. Na3 Bf5 8.
e3 e6 9. Be2 Be7 10. O-O O-O 11. Nh4 Bg6 12. Nxg6 hxg6 13. f3 cxd4 14. exd4 Na5
15. b4 Nc6 16. Bb5 a6 17. Bxc6 bxc6 18. Nc2 Nd7 1/2-1/2

[Event "First Saturday FM-B Oct 2013"]
[Site "Budapest"]
[Date "2013.10.10"]
[Round "6.1"]
[White "Somogyi, Gabor"]
[Black "Mayer, Istvan"]
[Result "0-1"]
[WhiteElo "1978"]
[BlackElo "2068"]
[PlyCount "81"]
[EventDate "2013.10.05"]

1. d4 a6 2. Nf3 f5 3. c4 Nf6 4. Nc3 g6 5. g3 Bg7 6. Bg2 O-O 7. O-O c6 8. d5 d6
9. e4 fxe4 10. Ng5 Bg4 11. Qb3 b5 12. Ngxe4 Nxe4 13. Bxe4 Nd7 14. Bf4 Nc5 15.
Qc2 e5 16. dxe6 Nxe6 17. Be3 b4 18. Ne2 d5 19. f3 dxe4 20. fxg4 Qd3 21. Qxd3
exd3 22. Nf4 Nxf4 23. Bxf4 Bxb2 24. Rad1 Rad8 25. Rfe1 Bc3 26. Re6 Rf6 27. Re7
Rf7 28. Re6 d2 29. Be3 Rd3 30. Bh6 Rd8 31. Be3 a5 32. Kg2 a4 33. Bb6 Rdf8 34.
Re2 b3 35. axb3 axb3 36. Rexd2 Bxd2 37. Rxd2 Ra8 38. Kh3 Rb7 39. Bd4 Ra2 40.
Bb2 Rb4 41. Rd8+ 0-1

[Event "First Saturday FM-B Oct 2013"]
[Site "Budapest"]
[Date "2013.10.10"]
[Round "6.2"]
[White "Bella, Zsolt"]
[Black "Gruz, Janos"]
[Result "0-1"]
[WhiteElo "1396"]
[BlackElo "1806"]
[PlyCount "96"]
[EventDate "2013.10.05"]

1. c4 f5 2. d4 e6 3. Nc3 Nf6 4. Nf3 d5 5. g3 c6 6. e3 Bd6 7. c5 Bc7 8. b4 Qe7
9. Bb2 O-O 10. Bg2 Bd7 11. Ne5 Be8 12. O-O Bh5 13. Ne2 Nbd7 14. Nd3 g5 15. Qd2
Ne4 16. Bxe4 fxe4 17. Ne5 Nxe5 18. dxe5 Bf3 19. Nd4 g4 20. Nxf3 gxf3 21. h4 Rf5
22. Kh2 Bxe5 23. Bxe5 Rxe5 24. Rh1 Rf5 25. Rad1 Qg7 26. Qc2 Raf8 27. Qa4 Rh5
28. Kg1 a6 29. Qc2 Rf6 30. Rh3 Qg4 31. Kh2 Rfh6 32. Rg1 Kf7 33. Qd1 Qf5 34. Qf1
Qe5 35. Rh1 Rxh4 36. Rxh4 Rxh4+ 37. Kg1 Rxh1+ 38. Kxh1 d4 39. exd4 Qxd4 40. Qe1
Qd3 41. Kg1 Qe2 42. Qc1 h5 43. Qf4+ Kg6 44. Qc1 e5 45. Qb1 Kf5 46. a4 Kf6 47.
Qc1 e3 48. fxe3 Qg2# 0-1